| 000 | 00632nam a2200181 a 4500 | ||
|---|---|---|---|
| 008 | 120416s1997 ||||||||||||||||| || u | ||
| 020 | _a0333693949 | ||
| 050 | _aHG 173 Val | ||
| 100 | _aValdez, Stephen | ||
| 245 | 1 | 3 | _aAn introduction to global financial markets |
| 260 |
_aLondon: _bMacMillan Press _c1997 |
||
| 300 | _axvi, 327p.: ill. | ||
| 350 | _a0.00 | ||
| 650 | _aFINANCE--EUROPE | ||
| 650 | _aFINANCE--UNITED STATES | ||
| 650 | 0 | _aFINANCE--DEVELOPING COUNTRIES | |
| 995 |
_D0.00 _FCBU-MAIN LIBRARY (Kitwe) _H1 _I9.95 _M1 _UAVAILABLE _ZMain Library Open Access Collection |
||
| 999 |
_c47778 _d47778 |
||